Top 15 des villes les plus peuplées de Normandie - Statistiques

Statistiques générales
  • Ce quiz a été pris 157 fois
  • Le résultat moyen est 9 sur 15
Statistiques - réponses
Populations Villes % Correct
108 200 Caen
99%
114 083 Rouen
98%
166 058 Le Havre
96%
77 808 Cherbourg-en-Cotentin
86%
47 289 Évreux
79%
28 358 Dieppe
68%
25 555 Alençon
66%
19 807 Lisieux
55%
21 782 Le Petit-Quevilly
42%
25 975 Le Grand-Quevilly
41%
24 543 Vernon
36%
28 508 Saint-Étienne-du-Rouvray
33%
28 965 Sotteville-lès-Rouen
32%
22 227 Hérouville-Saint-Clair
22%
20 066 Mont-Saint-Aignan
20%
Aucun quiz correspondant
Distribution des résultats
% des personnes avec chaque résultat
Percentile par nombre de réponses
Votre historique - résultats
Vous n’avez pas pris ce quiz